| 000 | 00550nam a2200217 a 4500 | ||
|---|---|---|---|
| 999 |
_c9427 _d9427 |
||
| 001 | 9427 | ||
| 003 | BD-JhCC | ||
| 005 | 20180529114341.0 | ||
| 008 | 180314s1964 bg |||| |||| 000 0 eng d | ||
| 035 | _a(BD-JhCC)9427 | ||
| 040 |
_aBD-JhCC _dBD-JhCC |
||
| 041 | _aeng | ||
| 082 |
_a320.473 _bCHA 1964 |
||
| 100 | _aChaudhuri, Muzaffer Ahamed | ||
| 245 |
_aOutlines of civics / _cMuzaffer Ahamed Chaudhuri |
||
| 260 |
_aDacca: _bPUTHIGHAR, _c1964. |
||
| 300 |
_a594 p.: _c21 cm. |
||
| 650 | _aCivics | ||
| 942 |
_2ddc _cBK |
||